Catalog

Record Details

Catalog Search



The Berenstain Bears catch the bus  Cover Image Book Book

The Berenstain Bears catch the bus / Stan & Jan Berenstain.

Summary:

As the minutes pass and the school bus gets closer to their house, Brother and Sister are in increasing danger of missing it.

Record details

  • ISBN: 0679892273
  • ISBN: 0679992278
  • Physical Description: 32 pages : color illustrations ; 24 cm.
  • Publisher: New York : Random House, c1999.
Subject: Bears > Juvenile fiction.
Time > Juvenile fiction.
Stories in rhyme.
Bears > Fiction.
Time > Fiction.
Punctuality > Fiction.
Stories in rhyme.

Available copies

  • 1 of 1 copy available at scottsboropl.

Holds

  • 0 current holds with 1 total copy.
Show Only Available Copies
Location Call Number / Copy Notes Barcode Shelving Location Status Due Date
scottsboropl BR Ber 32269000633944 Juvenile - Beginning Reader Available -

LDR 01226cam a2200349 a 4500
001125718
003CONS
00520140703073303.0
008980615s1999 nyua b 000 1 eng
010 . ‡a 98029760
020 . ‡a0679892273
020 . ‡a0679992278
035 . ‡a(CPomAG)LMN492357
042 . ‡alcac
05000. ‡aPZ8.3.B4493 ‡bBgv 1999
08200. ‡a[E] ‡221
1001 . ‡aBerenstain, Stan, ‡d1923-2005.
24514. ‡aThe Berenstain Bears catch the bus / ‡cStan & Jan Berenstain.
260 . ‡aNew York : ‡bRandom House, ‡cc1999.
300 . ‡a32 pages : ‡bcolor illustrations ; ‡c24 cm.
440 0. ‡aStep into reading. ‡pStep 1 book.
520 . ‡aAs the minutes pass and the school bus gets closer to their house, Brother and Sister are in increasing danger of missing it.
650 0. ‡aBears ‡vJuvenile fiction.
650 0. ‡aTime ‡vJuvenile fiction.
650 0. ‡aStories in rhyme.
650 1. ‡aBears ‡vFiction.
650 1. ‡aTime ‡vFiction.
650 1. ‡aPunctuality ‡vFiction.
650 1. ‡aStories in rhyme.
7001 . ‡aBerenstain, Jan, ‡d1923-2012.
959 . ‡i32269000633944 ‡lBR Ber ‡aJuvenile - Easy ‡tBeginning Reader ‡g18.00
852 . ‡p32269000633944 ‡jBR Ber ‡gJuvenile - Easy ‡cBeginning Reader ‡y18.00 ‡bSBPL
901 . ‡a125718 ‡bUnknown ‡c125718 ‡tbiblio

Additional Resources